Landmark Judgements on Human Rights (Record no. 1312660)

MARC details
000 -LEADER
fixed length control field 00546nam a2200205Ia 4500
005 - DATE AND TIME OF LATEST TRANSACTION
control field 20250506172918.0
008 - FIXED-LENGTH DATA ELEMENTS--GENERAL INFORMATION
fixed length control field 008 250505s9999 xx 000 0 eng d
020 ## - INTERNATIONAL STANDARD BOOK NUMBER
International Standard Book Number 9789390644490
037 ## - SOURCE OF ACQUISITION
Stock number TB
040 ## - CATALOGING SOURCE
Original cataloging agency ILCL
Language of cataloging eng
Transcribing agency ILCL
041 ## - LANGUAGE CODE
Language code of text/sound track or separate title eng
Source of code eng
082 ## - DEWEY DECIMAL CLASSIFICATION NUMBER
Assigning agency ILCL
100 ## - MAIN ENTRY--PERSONAL NAME
Personal name ProBona India (Ed.)
9 (RLIN) 754747
245 #0 - TITLE STATEMENT
Title Landmark Judgements on Human Rights
260 ## - PUBLICATION, DISTRIBUTION, ETC.
Place of publication, distribution, etc. Delhi
Name of publisher, distributor, etc. Law and Justice Publishing Company
Date of publication, distribution, etc. 2022
300 ## - PHYSICAL DESCRIPTION
Extent xxi,117p.
365 ## - TRADE PRICE
Price type code INR
942 ## - ADDED ENTRY ELEMENTS (KOHA)
Koha item type Textbook
Source of classification or shelving scheme
Holdings
Withdrawn status Lost status Source of classification or shelving scheme Damaged status Not for loan Home library Current library Source of acquisition Cost, normal purchase price Inventory number Total Checkouts Full call number Barcode Date last seen Price effective from Koha item type
    Colon Classification (CC)     Integrated Law Course library Integrated Law Course library Singhal Publications 225.00 2538 dt.26-06-2024   Z:(W:5) R2 IL1863820 2025-05-06 2025-05-06 Textbook
Copyright @ Delhi University Library System